| 000 | 01287nam a2200337 c 4500 | ||
|---|---|---|---|
| 003 | BLK | ||
| 005 | 20250210154424.0 | ||
| 008 | 180411b bul|||||r ||||||| ||bul|| | ||
| 010 | _aKNG00213210000 | ||
| 020 |
_a978-954-660-486-6 _bиздат.: ПАН |
||
| 040 | _aBLK | ||
| 041 |
_aBUL _cBUL |
||
| 072 | 7 |
_2bullib _aН85 _xДетска художествена литература Н |
|
| 080 |
_aЛитература на отделни езици и езикови семейства _b821 _x-93-34 _z821-93-34 |
||
| 700 | 1 |
_aТодорова, Лилия _eхудож. _9384168 |
|
| 139 |
_aДивите лебеди _bД 53 |
||
| 245 | 1 | 0 |
_aДивите лебеди _cхудож. Лилия Тодорова. |
| 257 | _aDAN | ||
| 260 |
_аСофия _bПАН _c2014 _fСофия : Хермес прес |
||
| 300 |
_a10 с. _bс цв. ил. _c24 см |
||
| 380 | _aDX | ||
| 490 | 1 | _aМоята първа приказка | |
| 500 | _aКор. опис. - Името на ил. отбелязано в изд. каре. | ||
| 659 | _aН | ||
| 852 | _aЦб 287537 | ||
| 856 | 4 |
_qpdf _u |
|
| 856 | 4 |
_qpdf _u |
|
| 942 |
_cKNG _n0 _08 |
||
| 944 |
_aCR _c13.10.2017 _k30564 _lАнна Гръцманова |
||
| 944 |
_aED _c05.12.2017 _kВиолета_Тройчева |
||
| 999 |
_c203671 _d203671 |
||